<?xml version="1.0" encoding="UTF-8"?>
<record
    xmlns:xsi="http://www.w3.org/2001/XMLSchema-instance"
    xsi:schemaLocation="http://www.loc.gov/MARC21/slim http://www.loc.gov/standards/marcxml/schema/MARC21slim.xsd"
    xmlns="http://www.loc.gov/MARC21/slim">

  <leader>01612nam0a22003011  4500</leader>
  <controlfield tag="001">rc\4844025</controlfield>
  <controlfield tag="005">20250612194144.0</controlfield>
  <datafield tag="021" ind1=" " ind2=" ">
    <subfield code="a">RU</subfield>
    <subfield code="b">&#x420;&#x433;3078-59</subfield>
  </datafield>
  <datafield tag="035" ind1=" " ind2=" ">
    <subfield code="a">(NLR Aleph) 008811850</subfield>
  </datafield>
  <datafield tag="090" ind1=" " ind2=" ">
    <subfield code="a">8166718</subfield>
    <subfield code="c">8166718</subfield>
  </datafield>
  <datafield tag="100" ind1=" " ind2=" ">
    <subfield code="a">20130426d1959    |||y0rusy50      ca</subfield>
  </datafield>
  <datafield tag="101" ind1="0" ind2=" ">
    <subfield code="a">rus</subfield>
  </datafield>
  <datafield tag="102" ind1=" " ind2=" ">
    <subfield code="a">RU</subfield>
  </datafield>
  <datafield tag="105" ind1=" " ind2=" ">
    <subfield code="a">y   ac  |||||</subfield>
  </datafield>
  <datafield tag="200" ind1="1" ind2=" ">
    <subfield code="a">&#x41D;&#x430;&#x434;&#x435;&#x436;&#x434;&#x430; &#x41A;&#x43E;&#x43D;&#x441;&#x442;&#x430;&#x43D;&#x442;&#x438;&#x43D;&#x43E;&#x432;&#x43D;&#x430; &#x41A;&#x440;&#x443;&#x43F;&#x441;&#x43A;&#x430;&#x44F;</subfield>
    <subfield code="e">&#x41A; 90-&#x43B;&#x435;&#x442;&#x438;&#x44E; &#x441;&#x43E; &#x434;&#x43D;&#x44F; &#x440;&#x43E;&#x436;&#x434;&#x435;&#x43D;&#x438;&#x44F;. 26 &#x444;&#x435;&#x432;&#x440;. 1869 &#x433;. - 26 &#x444;&#x435;&#x432;&#x440;. 1959 &#x433;.</subfield>
    <subfield code="e">[&#x411;&#x438;&#x431;&#x43B;&#x438;&#x43E;&#x433;&#x440;. &#x443;&#x43A;&#x430;&#x437;&#x430;&#x442;&#x435;&#x43B;&#x44C; &#x43B;&#x438;&#x442;&#x435;&#x440;&#x430;&#x442;&#x443;&#x440;&#x44B;]</subfield>
    <subfield code="f">&#x421;&#x43E;&#x441;&#x442;. &#x431;&#x438;&#x431;&#x43B;&#x438;&#x43E;&#x433;&#x440;. &#x410;.&#x413;. &#x422;&#x438;&#x43C;&#x43E;&#x444;&#x435;&#x435;&#x432;&#x430;</subfield>
    <subfield code="g">&#x420;&#x435;&#x434;. &#x431;&#x438;&#x431;&#x43B;&#x438;&#x43E;&#x433;&#x440;. &#x420;.&#x412;. &#x41F;&#x435;&#x442;&#x440;&#x43E;&#x43F;&#x430;&#x432;&#x43B;&#x43E;&#x432;&#x441;&#x43A;&#x438;&#x439;</subfield>
    <subfield code="g">&#x41C;-&#x432;&#x43E; &#x43A;&#x443;&#x43B;&#x44C;&#x442;&#x443;&#x440;&#x44B; &#x420;&#x421;&#x424;&#x421;&#x420;. &#x413;&#x43E;&#x441;. &#x43E;&#x440;&#x434;&#x435;&#x43D;&#x430; &#x41B;&#x435;&#x43D;&#x438;&#x43D;&#x430; &#x431;-&#x43A;&#x430; &#x421;&#x421;&#x421;&#x420; &#x438;&#x43C;. &#x412;.&#x418;. &#x41B;&#x435;&#x43D;&#x438;&#x43D;&#x430;. &#x41E;&#x442;&#x434;. &#x441;&#x43F;&#x440;&#x430;&#x432;&#x43E;&#x447;&#x43D;&#x43E;-&#x431;&#x438;&#x431;&#x43B;&#x438;&#x43E;&#x433;&#x440;. &#x438; &#x438;&#x43D;&#x444;&#x43E;&#x440;&#x43C;. &#x440;&#x430;&#x431;&#x43E;&#x442;&#x44B;</subfield>
  </datafield>
  <datafield tag="210" ind1=" " ind2=" ">
    <subfield code="a">&#x41C;&#x43E;&#x441;&#x43A;&#x432;&#x430;</subfield>
    <subfield code="c">&#x411;. &#x438;.</subfield>
    <subfield code="d">1959</subfield>
  </datafield>
  <datafield tag="215" ind1=" " ind2=" ">
    <subfield code="a">[3], 12 &#x43E;&#x442;&#x434;. &#x43B;.</subfield>
    <subfield code="d">30</subfield>
  </datafield>
  <datafield tag="300" ind1=" " ind2=" ">
    <subfield code="a">&#x422;&#x435;&#x43A;&#x441;&#x442; &#x43D;&#x430; &#x43E;&#x434;&#x43D;&#x43E;&#x439; &#x441;&#x442;&#x43E;&#x440;&#x43E;&#x43D;&#x435; &#x43B;&#x438;&#x441;&#x442;&#x430;</subfield>
  </datafield>
  <datafield tag="300" ind1=" " ind2=" ">
    <subfield code="a">&#x41D;&#x430;&#x43F;&#x435;&#x447;. &#x43D;&#x430; &#x440;&#x43E;&#x442;&#x430;&#x43F;&#x440;&#x438;&#x43D;&#x442;&#x435;</subfield>
  </datafield>
  <datafield tag="700" ind1=" " ind2="1">
    <subfield code="a">&#x422;&#x438;&#x43C;&#x43E;&#x444;&#x435;&#x435;&#x432;&#x430;</subfield>
    <subfield code="b">&#x410;.&#x413;.</subfield>
    <subfield code="f">1901-</subfield>
    <subfield code="g">&#x410;&#x43B;&#x435;&#x43A;&#x441;&#x430;&#x43D;&#x434;&#x440;&#x430; &#x413;&#x435;&#x43E;&#x440;&#x433;&#x438;&#x435;&#x432;&#x43D;&#x430;</subfield>
    <subfield code="4">220</subfield>
  </datafield>
  <datafield tag="702" ind1=" " ind2="1">
    <subfield code="a">&#x41F;&#x435;&#x442;&#x440;&#x43E;&#x43F;&#x430;&#x432;&#x43B;&#x43E;&#x432;&#x441;&#x43A;&#x438;&#x439;</subfield>
    <subfield code="b">&#x420;.&#x412;.</subfield>
    <subfield code="4">340</subfield>
  </datafield>
  <datafield tag="702" ind1=" " ind2="1">
    <subfield code="a">&#x41A;&#x440;&#x443;&#x43F;&#x441;&#x43A;&#x430;&#x44F;</subfield>
    <subfield code="b">&#x41D;.&#x41A;.</subfield>
    <subfield code="f">1869-</subfield>
    <subfield code="g">&#x41D;&#x430;&#x434;&#x435;&#x436;&#x434;&#x430; &#x41A;&#x43E;&#x43D;&#x441;&#x442;&#x430;&#x43D;&#x442;&#x438;&#x43D;&#x43E;&#x432;&#x43D;&#x430;</subfield>
    <subfield code="4">570</subfield>
  </datafield>
  <datafield tag="712" ind1="0" ind2="2">
    <subfield code="a">&#x413;&#x43E;&#x441;&#x443;&#x434;&#x430;&#x440;&#x441;&#x442;&#x432;&#x435;&#x43D;&#x43D;&#x430;&#x44F; &#x431;-&#x43A;&#x430; &#x421;&#x421;&#x421;&#x420; &#x438;&#x43C;. &#x412;.&#x418;. &#x41B;&#x435;&#x43D;&#x438;&#x43D;&#x430;. &#x41E;&#x442;&#x434;. &#x441;&#x43F;&#x440;&#x430;&#x432;&#x43E;&#x447;&#x43D;&#x43E;-&#x431;&#x438;&#x431;&#x43B;&#x438;&#x43E;&#x433;&#x440;. &#x438; &#x438;&#x43D;&#x444;&#x43E;&#x440;&#x43C;. &#x440;&#x430;&#x431;&#x43E;&#x442;&#x44B;</subfield>
  </datafield>
  <datafield tag="801" ind1=" " ind2="0">
    <subfield code="a">RU</subfield>
    <subfield code="b">NLR</subfield>
    <subfield code="g">psbo</subfield>
  </datafield>
  <datafield tag="801" ind1=" " ind2="1">
    <subfield code="a">RU</subfield>
    <subfield code="b">ELAR</subfield>
    <subfield code="2">rusmarc</subfield>
  </datafield>
  <datafield tag="852" ind1=" " ind2=" ">
    <subfield code="a">NLR</subfield>
    <subfield code="j">641/&#x41A;84</subfield>
  </datafield>
  <datafield tag="942" ind1=" " ind2=" ">
    <subfield code="c">BOOK</subfield>
  </datafield>
  <datafield tag="980" ind1=" " ind2=" ">
    <subfield code="a">NB</subfield>
  </datafield>
  <datafield tag="995" ind1=" " ind2=" ">
    <subfield code="5">2013-10-26</subfield>
    <subfield code="b">NLR01</subfield>
    <subfield code="c">NLR01</subfield>
    <subfield code="e">CSB</subfield>
    <subfield code="f">8811850-10</subfield>
    <subfield code="k">641/&#x41A;84</subfield>
    <subfield code="o">0</subfield>
    <subfield code="r">BOOK</subfield>
    <subfield code="s">64184_</subfield>
  </datafield>
</record>
